| 000 | 00618nam a2200217 i 4500 | ||
|---|---|---|---|
| 003 | DO-SdBNP | ||
| 005 | 20230913140000.0 | ||
| 007 | ta | ||
| 008 | 110413s1985 dr 000 0 spa d | ||
| 040 |
_aDO-SdBNP _bspa _cBNPHU _erda |
||
| 082 |
_bM953 _222 |
||
| 245 | 0 | 3 |
_aLa mujer dominicana : _bevaluación de una década 1975-1985 / |
| 264 |
_aSanto Domingo : _bGente, _c[1985]. |
||
| 300 |
_a22 páginas _c21 cm. |
||
| 336 |
_2rdacontent _atexto _btxt |
||
| 337 |
_2rdamedia _asin mediación _bn |
||
| 338 |
_2rdacarrier _avolumen _bnc |
||
| 590 | _aInventariado, 2023/ YL | ||
| 910 | _aYLockward | ||
| 942 |
_2ddc _cLF2 |
||
| 999 |
_c54733 _d54733 |
||